Apuntes para la organización del archivo general del municipio, 1 (Registro nro. 6304)

Detalles MARC
000 -CABECERA
Longitud fija campo de control 01048nam a2200253Ia 4500
005 - • FECHA Y HORA DE LA ÚLTIMA TRANSACCIÓN
Fecha y hora de la última transacción 20220317001226.0
008 - • CÓDIGOS DE INFORMACIÓN DE LONGITUD FIJA
Códigos de información de longitud fija 160825s2003 ck g 000 0 spa
020 ## - • NÚMERO INTERNACIONAL NORMALIZADO PARA LIBROS
Número Internacional Normalizado para Libros (ISBN) 9589298958
082 04 - • NÚMERO DE LA CLASIFICACIÓN DECIMAL DEWEY
Número de clasificación (R) 025.1
Número del ítem A71a1
040 ## - FUENTE DE LA CATALOGACIÓN
Centro catalogador de origen CO-BoRNBP
Lengua de catalogación spa
Normas de descripción rda
Centro transcriptor CO-BoRNBP
110 2# - • PUNTO DE ACCESO PRINCIPAL-NOMBRE DE ENTIDAD CORPORATIVA
Nombre de entidad corporativa o nombre de jurisdicción como elemento inicial Archivo General de la Nación. Bogotá
245 10 - • TITULO PROPIAMENTE DICHO
Título Apuntes para la organización del archivo general del municipio, 1
Resto del título las políticas nacionales de archivo y los archivos municipales
Mención de responsabilidad, etc. Archivo General de la Nación de Colombia
250 ## - • MENCIÓN DE EDICIÓN
Mención de edición 1a. edición
264 ## - PRODUCCIÓN, PUBLICACIÓN , DISTRIBUCIÓN, FABRICACIÓN Y COPYRIGHT
Lugar de producción, publicación, distribución, fabricación Bogotá
Nombre del productor, editor, distribuidor, fabricante Archivo General de la Nación
Fecha de de producción, publicación, distribución, fabricación o copyright 2003
300 ## - • DESCRIPCIÓN FÍSICA
Extensión 13 páginas
Dimensiones 23 cm
336 ## - TIPO DE CONTENIDO
Término de tipo de contenido texto
Código de tipo de contenido txt
Fuente rdacontent
337 ## - TIPO DE MEDIO
Nombre del tipo de medio sin mediación
Código del tipo de medio n
Fuente rdamedia
338 ## - TIPO DE SOPORTE
Nombre del tipo de soporte volumen
Código del tipo de soporte nc
Fuente rdacarrier
610 ## - • PUNTO DE ACCESO ADICIONAL DE MATERIA - NOMBRE DE ENTIDAD CORPORATIVA
Nombre de entidad corporativa o nombre de jurisdicción como elemento inicial Archivo General de la Nación (Colombia)
650 14 - • PUNTO DE ACCESO ADICIONAL DE MATERIA - TÉRMINO DE MATERIA
Fuente del encabezamiento o término LEMB
Término de materia o nombre geográfico como elemento inicial Archivos municipales
Subdivisión de forma Guías
Subdivisión geográfica Colombia
650 14 - • PUNTO DE ACCESO ADICIONAL DE MATERIA - TÉRMINO DE MATERIA
Fuente del encabezamiento o término LEMB
Término de materia o nombre geográfico como elemento inicial Archivos
Subdivisión de forma Guías
Subdivisión de materia general Mantenimiento y conservación
Subdivisión geográfica Colombia
650 14 - • PUNTO DE ACCESO ADICIONAL DE MATERIA - TÉRMINO DE MATERIA
Fuente del encabezamiento o término LEMB
Término de materia o nombre geográfico como elemento inicial Archivos
Subdivisión de forma Guías
Subdivisión de materia general Investigación
Subdivisión geográfica Colombia
942 ## - ENTRADA DE ELEMENTOS AGREGADOS (KOHA)
Fuente de clasificaión o esquema Dewey Decimal Classification
Koha [por defecto] tipo de item Libro Referencia
Existencias
Perdido Fuente de clasificación o esquema Estado Físico No para préstamo Forma de adquisición Localización permanente Localización actual Localización en estanterías Fecha adquisición Préstamos totales Signatura completa Código de barras Fecha última consulta Número de copia Fecha del precio de reemplazo Tipo de item de Koha Calificador de ubicación codificada
  Dewey Decimal Classification     Colección General Biblioteca Pública Cumaral - Alvaro Garzon Torres Biblioteca Pública Cumaral - Alvaro Garzon Torres Literatura 05/07/2024   025.1A71a1 MECUM00045 05/07/2024 Ej.1 05/07/2024 Libro Referencia SALA GENERAL 1A
  Dewey Decimal Classification     Colección General Biblioteca Pública Dorado Biblioteca Pública Dorado General 12/05/2022   025.1 A71a1 DOR01550 12/05/2022 Ej.1 12/05/2022 Libro Referencia  
  Dewey Decimal Classification     Colección General Biblioteca Pública Puerto López - Jorge Eliecer Gaitán Biblioteca Pública Puerto López - Jorge Eliecer Gaitán General 08/14/2025   025.1 A71a1 PLZ02668 08/14/2025 Ej.1 08/14/2025 Libro Referencia  
  Dewey Decimal Classification     Colección General Biblioteca Pública Acacias - Carlos María Hernández Rojas Biblioteca Pública Acacias - Carlos María Hernández Rojas General 05/06/2023   025.1 A71a1 ACA01020 05/06/2023 Ej.1 05/06/2023 Libro Referencia  
  Dewey Decimal Classification     Colección General Biblioteca Pública Barranca de Upia - María Dolores Herrera Biblioteca Pública Barranca de Upia - María Dolores Herrera General 10/09/2023   025.1 A71a1 BUP01008 10/09/2023 Ej.1 10/09/2023 Libro Referencia  









Instituto Departamental de Cultura del Meta - Red Departamental de Bibliotecas Públicas del Meta.